Facilities management - the new order. (Record no. 60380)

MARC details
000 -LEADER
fixed length control field 00808cam a2200193 4500
001 - CONTROL NUMBER
control field ABS60731
008 - FIXED-LENGTH DATA ELEMENTS--GENERAL INFORMATION
fixed length control field 000000n1999 000 0 eng u
035 ## - SYSTEM CONTROL NUMBER
System control number (Sirsi) u101224
100 ## - MAIN ENTRY--PERSONAL NAME
Personal name Bell, J.
245 ## - TITLE STATEMENT
Title Facilities management - the new order.
260 ## - PUBLICATION, DISTRIBUTION, ETC.
Date of publication, distribution, etc. 1999
490 ## - SERIES STATEMENT
Series statement Facilities Management
Volume/sequential designation 6(5) June 1999, 12-13(2)
520 ## - SUMMARY, ETC.
Summary, etc. Outlines recent changes in grades and qualifications introduced by the British Institute of Facilities Management (BIFM). The changes are intended to encourage practitioners to obtain formal qualifications if they want to achieve full recognition in the marketplace.
650 ## - SUBJECT ADDED ENTRY--TOPICAL TERM
Topical term or geographic name entry element FACILITIES MANAGEMENT
9 (RLIN) 6240
650 ## - SUBJECT ADDED ENTRY--TOPICAL TERM
Topical term or geographic name entry element QUALIFICATIONS
650 ## - SUBJECT ADDED ENTRY--TOPICAL TERM
Topical term or geographic name entry element BRITISH INSTITUTE OF FACILITIES MANAGEMENT
690 ## - LOCAL SUBJECT ADDED ENTRY--TOPICAL TERM (OCLC, RLIN)
Topical term or geographic name as entry element COMMERCIAL PROPERTY-MANAGEMENT
942 ## - ADDED ENTRY ELEMENTS (KOHA)
Suppress in OPAC 0
Holdings
Withdrawn status Lost status Source of classification or shelving scheme Damaged status Not for loan Home library Current library Shelving location Date acquired Total Checkouts Full call number Barcode Date last seen Copy number Price effective from Koha item type
    Dewey Decimal Classification     London London Journal article 02/11/1999   ABS60731 101224-1001 06/08/2019 1 06/08/2019 Journal article